Tvorba multimediálnej aplikácie na interaktívnu výučbu Windows, Word a Excel = Design and implementation of application to interactive learning Windows, Word and Excel : Bakalárska práca

Enregistré dans:
Détails bibliographiques
Auteur principal: Sukupa, Juraj (Auteur)
Autres auteurs: Bezák, Pavol, 1977- (xxx)
Format: Manuscrit Livre
Langue:slovaque
Publié: Trnava : STU v Bratislave MTF UIAM, 2007
Sujets:
Tags: Ajouter un tag
Pas de tags, Soyez le premier à ajouter un tag!

MARC

LEADER 00000ntm a22000003a 4500
001 stu151170
005 20160719155715.1
008 071126s2007----xo------------------slo-d
040 |a STU  |b slo 
041 0 |a slo 
044 |a xo 
100 1 |a Sukupa, Juraj  |4 aut 
245 1 |a Tvorba multimediálnej aplikácie na interaktívnu výučbu Windows, Word a Excel = Design and implementation of application to interactive learning Windows, Word and Excel :  |b Bakalárska práca 
260 |a Trnava :  |b STU v Bratislave MTF UIAM,  |c 2007 
300 |a 46 s  |c 1 CD-ROM 
500 |a Program: Aplikovaná informatika a automatizácia v priemysle 
650 7 |a multimediálna aplikácia  |2 stusub 
700 1 |a Bezák, Pavol,  |d 1977-  |4 xxx  |u M6000  |U MTF Materiálovotechnologická fakulta  |T MTF Ústav aplikovanej informatiky, automatizácie a matematiky  |X 2805  |U M6000  |Y 86  |7 A000002805 
996 |b 284M066877  |c M*BP-2993  |l MMSKP  |s P  |a 0  |w stu151170_0001